[Event "Titled Tuesday intern op 13th Feb Early"]
[Site "Chess.com INT"]
[Date "2024.02.13"]
[Round "11"]
[White "Bartel, Michal"]
[Black "Garrido, Denis"]
[Result "1-0"]
[WhiteElo "2246"]
[BlackElo "2230"]
[PlyCount "45"]
[EventDate "2024.02.13"]
[EventType "swiss (blitz)"]
[EventRounds "11"]
[EventCountry "USA"]
[SourceTitle "CB08_2024"]
[SourceDate "2024.02.21"]
[SourceVersion "1"]
[SourceVersionDate "2024.02.21"]
[SourceQuality "1"]

1. e4 c5 2. Ne2 Nc6 3. g3 g6 4. Bg2 Bg7 5. c3 Nf6 6. d4 cxd4 7. cxd4 d5 8. e5 Ne4 9. f3 Qa5+ 10. Kf1 0-0 11. fxe4 dxe4 12. Bxe4 Bg4 13. Nbc3 Rad8 14. h3 Bxe2+ 15. Nxe2 Nxe5 16. Qe1 Qa4 17. b3 Qb5 18. Bb2 Nd3 19. Bxd3 Qxd3 20. Rh2 Bh6 21. Rd1 Qf5+ 22. Qf2 Qc2 23. Nc3 1-0

[Event "Titled Tuesday intern op 16th Jan Early"]
[Site "Chess.com INT"]
[Date "2024.01.16"]
[Round "6"]
[White "Garrido, Denis"]
[Black "Estrada Nieto, Julian"]
[Result "0-1"]
[WhiteElo "2230"]
[BlackElo "2199"]
[PlyCount "62"]
[EventDate "2024.01.16"]
[EventType "swiss (blitz)"]
[EventRounds "11"]
[EventCountry "USA"]
[SourceTitle "CB04_2024"]
[SourceDate "2023.10.16"]
[SourceVersion "1"]
[SourceVersionDate "2023.10.16"]
[SourceQuality "1"]

1. c4 Nf6 2. Nc3 e5 3. Nf3 Nc6 4. g3 Bb4 5. Bg2 0-0 6. 0-0 Bxc3 7. bxc3 d6 8. Ne1 Be6 9. d3 Qd7 10. Nc2 Bh3 11. e4 Bxg2 12. Kxg2 Ne8 13. g4 Ne7 14. Ne3 Ng6 15. Nf5 Kh8 16. h4 Ne7 17. h5 Nxf5 18. gxf5 h6 19. a4 Nf6 20. Be3 c6 21. Rh1 d5 22. cxd5 cxd5 23. f3 Rfc8 24. Qd2 Rc6 25. Rac1 Rac8 26. Qa2 Ra6 27. a5 b6 28. Qf2 Rxa5 29. Qh4 Ra2+ 30. Kg3 Nh7 31. f6 gxf6 0-1

[Event "Titled Tuesday intern op 12th Dec Early"]
[Site "Chess.com INT"]
[Date "2023.12.12"]
[Round "2"]
[White "Hua, Lefong"]
[Black "Garrido, Denis"]
[Result "0-1"]
[WhiteElo "2305"]
[BlackElo "2227"]
[PlyCount "68"]
[EventDate "2023.12.12"]
[EventType "swiss (blitz)"]
[EventRounds "11"]
[EventCountry "USA"]
[SourceTitle "CB51_2023"]
[SourceDate "2023.12.20"]
[SourceVersion "1"]
[SourceVersionDate "2023.12.20"]
[SourceQuality "1"]

1. d4 Nf6 2. c4 c5 3. d5 d6 4. Nc3 g6 5. e4 Bg7 6. f4 0-0 7. Nf3 e6 8. Be2 exd5 9. cxd5 Bg4 10. 0-0 Nbd7 11. Re1 Re8 12. h3 Bxf3 13. Bxf3 c4 14. Be3 a6 15. Bd4 b5 16. e5 dxe5 17. fxe5 Nh5 18. g4 Nf4 19. e6 Nd3 20. Bxg7 Kxg7 21. Re2 N7e5 22. Bg2 fxe6 23. dxe6 Qb6+ 24. Kh2 Rad8 25. Qf1 Qxe6 26. Rd1 Rf8 27. Qg1 Qd6 28. Kh1 Qf6 29. Ne4 Qh4 30. Rf1 Nxg4 31. Qa7+ Kh6 32. Rf7 Rxf7 33. Qxf7 Nge5 34. Nf6 Nxf7 0-1

[Event "Titled Tuesday intern op 12th Dec Early"]
[Site "Chess.com INT"]
[Date "2023.12.12"]
[Round "10"]
[White "Wu, Derek"]
[Black "Garrido, Denis"]
[Result "1-0"]
[WhiteElo "2255"]
[BlackElo "2227"]
[PlyCount "73"]
[EventDate "2023.12.12"]
[EventType "swiss (blitz)"]
[EventRounds "11"]
[EventCountry "USA"]
[SourceTitle "CB51_2023"]
[SourceDate "2023.12.20"]
[SourceVersion "1"]
[SourceVersionDate "2023.12.20"]
[SourceQuality "1"]

1. e4 e6 2. d4 c5 3. Nf3 cxd4 4. Nxd4 Nf6 5. Nc3 d6 6. g4 a6 7. g5 Nfd7 8. Be3 b5 9. a3 Bb7 10. h4 Nc5 11. Bg2 Nc6 12. Qe2 Rc8 13. Nxc6 Bxc6 14. 0-0-0 Qc7 15. h5 Qb7 16. Bxc5 dxc5 17. g6 b4 18. gxf7+ Qxf7 19. axb4 cxb4 20. Nd5 Bc5 21. h6 g6 22. Rh3 0-0 23. Rf3 exd5 24. Rxf7 Rxf7 25. exd5 Bb5 26. Qe6 Re8 27. Qg4 Rxf2 28. d6 Bxd6 29. Rxd6 Re1+ 30. Rd1 Ree2 31. Bd5+ Kf8 32. Qc8+ Ke7 33. Qc7+ Kf6 34. Qg7+ Kg5 35. Rg1+ Kf4 36. Qf6+ Ke3 37. Rg3+ 1-0

[Event "Titled Tuesday intern op 14th Nov Early"]
[Site "Chess.com INT"]
[Date "2023.11.14"]
[Round "4"]
[White "Kubicka, Anna"]
[Black "Garrido, Denis"]
[Result "0-1"]
[WhiteElo "2284"]
[BlackElo "2227"]
[PlyCount "78"]
[EventDate "2023.11.14"]
[EventType "swiss (blitz)"]
[EventRounds "11"]
[EventCountry "USA"]
[SourceTitle "CB47_2023"]
[SourceDate "2023.11.22"]
[SourceVersion "1"]
[SourceVersionDate "2023.11.22"]
[SourceQuality "1"]

1. e4 c6 2. d4 d5 3. exd5 cxd5 4. Nf3 Nc6 5. Ne5 a6 6. Nxc6 bxc6 7. Bd3 Nf6 8. Bg5 Bg4 9. f3 Bh5 10. Bxf6 gxf6 11. Nc3 e6 12. Ne2 Bd6 13. Qd2 Qc7 14. 0-0-0 Bg6 15. h4 a5 16. h5 Bxd3 17. Qxd3 a4 18. c3 c5 19. dxc5 Qxc5 20. Qd4 Qxd4 21. Nxd4 Ke7 22. Rhe1 Rhc8 23. Nf5+ Kd7 24. Nxd6 Kxd6 25. a3 Rc4 26. Rd4 Rxd4 27. cxd4 Rc8+ 28. Kd2 Rc4 29. Kd3 e5 30. dxe5+ fxe5 31. Re2 f5 32. g3 e4+ 33. fxe4 fxe4+ 34. Ke3 Ke5 35. Kd2 d4 36. g4 d3 37. Rf2 Kd4 38. Rf4 Rc2+ 39. Kd1 Rxb2 0-1

[Event "Titled Tuesday intern op 12th Sep Early"]
[Site "Chess.com INT"]
[Date "2023.09.12"]
[Round "5"]
[White "Garrido, Denis"]
[Black "Sadovsky, Artem"]
[Result "0-1"]
[WhiteElo "2205"]
[BlackElo "2276"]
[PlyCount "68"]
[EventDate "2023.09.12"]
[EventType "swiss (blitz)"]
[EventRounds "11"]
[EventCountry "USA"]
[SourceTitle "EXT 2024"]
[Source "ChessBase"]
[SourceDate "2023.10.10"]
[SourceVersion "1"]
[SourceVersionDate "2023.10.10"]
[SourceQuality "1"]

1. e4 g6 2. d4 Bg7 3. c4 d6 4. Nc3 e5 5. Nge2 Nc6 6. Be3 f5 7. exf5 Bxf5 8. dxe5 Nxe5 9. Nd4 Bd7 10. Be2 Nf6 11. 0-0 0-0 12. Qb3 Nfg4 13. c5+ Kh8 14. cxd6 Qh4 15. Bxg4 Nxg4 16. h3 Nxe3 17. fxe3 Bxd4 18. exd4 Qxd4+ 19. Kh1 Bc6 20. Ne2 Qe4 21. Qc3+ Kg8 22. Rg1 Qxe2 23. dxc7 Rf3 24. Qxc6 bxc6 25. Rad1 Rff8 26. Rge1 Qxb2 27. Rd7 Qxa2 28. Ree7 Qa1+ 29. Kh2 a5 30. h4 a4 31. h5 gxh5 32. Rxh7 Qe5+ 33. Kg1 a3 34. Rh6 Qg7 0-1

[Event "Titled Tuesday intern op 12th Sep Early"]
[Site "Chess.com INT"]
[Date "2023.09.12"]
[Round "2"]
[White "Garrido, Denis"]
[Black "Sammed Jaykumar, Shete"]
[Result "0-1"]
[WhiteElo "2205"]
[BlackElo "2441"]
[PlyCount "44"]
[EventDate "2023.09.12"]
[EventType "swiss (blitz)"]
[EventRounds "11"]
[EventCountry "USA"]
[SourceTitle "EXT 2024"]
[Source "ChessBase"]
[SourceDate "2023.10.10"]
[SourceVersion "1"]
[SourceVersionDate "2023.10.10"]
[SourceQuality "1"]

1. e4 c6 2. d4 d5 3. Nc3 dxe4 4. Nxe4 Bf5 5. Ng3 Bg6 6. h4 h6 7. Nf3 Nd7 8. Bd3 Bxd3 9. Qxd3 Ngf6 10. Bf4 Qa5+ 11. Bd2 Qc7 12. 0-0-0 0-0-0 13. Kb1 e5 14. Rhe1 exd4 15. Nxd4 Bc5 16. Ndf5 Bxf2 17. Nd6+ Kb8 18. Bf4 Nd5 19. Nxf7 Nxf4 20. Qf5 Bxe1 21. Nxd8 Rxd8 22. Rxe1 Nxg2 0-1

[Event "Titled Tuesday intern op 12th Sep Early"]
[Site "Chess.com INT"]
[Date "2023.09.12"]
[Round "7"]
[White "Harriott, Tyrell"]
[Black "Garrido, Denis"]
[Result "0-1"]
[WhiteElo "1778"]
[BlackElo "2205"]
[PlyCount "74"]
[EventDate "2023.09.12"]
[EventType "swiss (blitz)"]
[EventRounds "11"]
[EventCountry "USA"]
[SourceTitle "EXT 2024"]
[Source "ChessBase"]
[SourceDate "2023.10.10"]
[SourceVersion "1"]
[SourceVersionDate "2023.10.10"]
[SourceQuality "1"]

1. d4 Nf6 2. e3 d5 3. Bd3 c5 4. c3 Nc6 5. f4 g6 6. Nf3 Bf5 7. 0-0 Bg7 8. Ne5 Bxd3 9. Qxd3 Qc7 10. Nd2 0-0 11. b3 cxd4 12. exd4 a6 13. Bb2 b5 14. Kh1 e6 15. Ba3 Rfc8 16. Bc5 Bf8 17. b4 Bxc5 18. bxc5 Kg7 19. a4 b4 20. cxb4 Nxb4 21. Qc3 a5 22. Rf3 Rab8 23. h3 h5 24. g4 hxg4 25. hxg4 Rh8+ 26. Kg2 Ne4 27. Nxe4 dxe4 28. Rf2 Nd5 29. Qg3 e3 30. Rc2 Rb4 31. f5 Rxd4 32. fxe6 Nf4+ 33. Kg1 Qxe5 34. c6 Ne2+ 35. Rxe2 Qxg3+ 36. Rg2 Qf3 37. Rf1 Rd1 0-1

[Event "Titled Tuesday intern op 12th Sep Early"]
[Site "Chess.com INT"]
[Date "2023.09.12"]
[Round "4"]
[White "Silva Lucena, Cristian"]
[Black "Garrido, Denis"]
[Result "0-1"]
[WhiteElo "2335"]
[BlackElo "2205"]
[PlyCount "104"]
[EventDate "2023.09.12"]
[EventType "swiss (blitz)"]
[EventRounds "11"]
[EventCountry "USA"]
[SourceTitle "EXT 2024"]
[Source "ChessBase"]
[SourceDate "2023.10.10"]
[SourceVersion "1"]
[SourceVersionDate "2023.10.10"]
[SourceQuality "1"]

1. e4 e5 2. Nf3 Nc6 3. Bc4 Nf6 4. d4 exd4 5. e5 d5 6. Bb5 Ne4 7. Nxd4 Bd7 8. Bxc6 bxc6 9. 0-0 Bc5 10. Be3 0-0 11. f3 Ng5 12. f4 f6 13. exf6 Nh3+ 14. gxh3 Bxh3 15. Nd2 Qxf6 16. N2f3 Bxf1 17. Qxf1 Rae8 18. Qf2 Re4 19. c3 Rfe8 20. Re1 Bb6 21. Ng5 R4e7 22. Bd2 Rxe1+ 23. Bxe1 h6 24. Ngf3 Qxf4 25. Bd2 Qe4 26. a4 Re6 27. a5 Rg6+ 28. Kf1 Bxa5 29. Qe3 Qxe3 30. Bxe3 Bb6 31. Kf2 a5 32. Nb3 a4 33. Nc5 Bxc5 34. Bxc5 Rf6 35. Bd4 Rf5 36. Ke3 g5 37. h3 Kf8 38. Ne5 Rf1 39. Nxc6 Rh1 40. Nb4 Rxh3+ 41. Ke2 Rh2+ 42. Bf2 g4 43. Kf1 h5 44. Nxd5 h4 45. Nxc7 g3 46. Bc5+ Kg8 47. Ba3 Rf2+ 48. Kg1 h3 49. Nd5 h2+ 50. Kh1 Rf1+ 51. Kg2 h1Q+ 52. Kxg3 Qxd5 0-1

[Event "Titled Tuesday intern op 05th Sep Early"]
[Site "Chess.com INT"]
[Date "2023.09.05"]
[Round "3"]
[White "Garrido, Denis"]
[Black "Secer, Ata"]
[Result "0-1"]
[WhiteElo "2205"]
[BlackElo "2332"]
[PlyCount "70"]
[EventDate "2023.09.05"]
[EventType "swiss (blitz)"]
[EventRounds "11"]
[EventCountry "USA"]
[SourceTitle "EXT 2024"]
[Source "ChessBase"]
[SourceDate "2023.10.10"]
[SourceVersion "1"]
[SourceVersionDate "2023.10.10"]
[SourceQuality "1"]

1. e4 c5 2. Nf3 e6 3. d4 cxd4 4. Nxd4 Nc6 5. Bf4 a6 6. Nxc6 bxc6 7. Bd3 d5 8. 0-0 Nf6 9. Nd2 Be7 10. Re1 0-0 11. e5 Nd7 12. c4 a5 13. Qc2 g6 14. Rad1 Ba6 15. Bh6 Re8 16. Nf3 Nb6 17. c5 Bxd3 18. Rxd3 Nd7 19. Rc3 a4 20. Nd4 Qc7 21. f4 Ra5 22. b4 axb3 23. Nxb3 Ra4 24. f5 exf5 25. e6 fxe6 26. Rxe6 Re4 27. Re3 Kf7 28. R6xe4 fxe4 29. Rh3 Bf6 30. Qf2 Kg8 31. Bf4 Be5 32. Bxe5 Qxe5 33. Rxh7 Kxh7 34. Qf7+ Kh6 35. Qxd7 e3 0-1

[Event "Titled Tuesday intern op 15th Aug Late"]
[Site "Chess.com INT"]
[Date "2023.08.15"]
[Round "2"]
[White "Yeritsyan, Hayk"]
[Black "Garrido, Denis"]
[Result "1-0"]
[WhiteElo "2179"]
[BlackElo "2205"]
[PlyCount "121"]
[EventDate "2023.08.15"]
[EventType "swiss (blitz)"]
[EventRounds "11"]
[EventCountry "USA"]
[SourceTitle "EXT 2024"]
[Source "ChessBase"]
[SourceDate "2023.10.10"]
[SourceVersion "1"]
[SourceVersionDate "2023.10.10"]
[SourceQuality "1"]

1. d4 Nf6 2. Nf3 d5 3. e3 e6 4. Bd3 c5 5. c3 Nc6 6. Nbd2 Bd6 7. Qe2 e5 8. dxc5 Bxc5 9. e4 0-0 10. 0-0 Re8 11. exd5 Nxd5 12. Ne4 Bf8 13. Rd1 h6 14. Bc4 Be6 15. Be3 f5 16. Nc5 Bxc5 17. Bxc5 Qd7 18. Nxe5 Nxe5 19. Qxe5 Qf7 20. Bxd5 Bxd5 21. Qxd5 Re1+ 22. Rxe1 Qxd5 23. Bd4 Rd8 24. Re5 Qd7 25. Rae1 Qa4 26. a3 Rxd4 27. cxd4 Qxd4 28. Rxf5 Qxb2 29. Rf3 b5 30. g3 a5 31. h4 Qd2 32. Ree3 b4 33. axb4 axb4 34. Rb3 Kh7 35. Kg2 Kg6 36. Kh2 h5 37. Rf4 Kh6 38. Rbxb4 g6 39. Kg2 Qd5+ 40. Rbe4 Kg7 41. Kh2 Kh6 42. Re3 Kg7 43. Ref3 Kh6 44. Rf8 g5 45. R8f6+ Kg7 46. R6f5 Qe4 47. Rxg5+ Kh6 48. Rgf5 Kh7 49. Rxh5+ Kg6 50. Rg5+ Kh6 51. Rgf5 Qe1 52. R5f4 Kg7 53. Rg4+ Kh6 54. Rg5 Qf1 55. Rf6+ Kh7 56. Rf4 Qa6 57. Rgf5 Qe2 58. g4 Qf1 59. h5 Qa6 60. Rf7+ Kh6 61. R4f6+ 1-0

[Event "Titled Tuesday intern op 08th Aug Early"]
[Site "Chess.com INT"]
[Date "2023.08.08"]
[Round "3"]
[White "Garrido, Denis"]
[Black "Parpiev, Isaak"]
[Result "0-1"]
[WhiteElo "2205"]
[BlackElo "2123"]
[PlyCount "104"]
[EventDate "2023.08.08"]
[EventType "swiss (blitz)"]
[EventRounds "11"]
[EventCountry "USA"]
[SourceTitle "EXT 2024"]
[Source "ChessBase"]
[SourceDate "2023.10.10"]
[SourceVersion "1"]
[SourceVersionDate "2023.10.10"]
[SourceQuality "1"]

1. d4 Nf6 2. c4 g6 3. Nc3 Bg7 4. e4 d6 5. Be2 e5 6. Nf3 0-0 7. 0-0 Nc6 8. d5 Ne7 9. b4 a5 10. bxa5 Ne8 11. a4 h6 12. Ba3 f5 13. exf5 gxf5 14. c5 Rxa5 15. cxd6 Nxd6 16. Rc1 Ng6 17. Qb3 Rf7 18. Nb5 Nf4 19. Rfe1 Nxe2+ 20. Rxe2 Nxb5 21. axb5 e4 22. Nd2 Bd7 23. b6 cxb6 24. d6 Rb5 25. Qa2 Qf6 26. Rc7 Kh7 27. Nf1 Be6 28. Qd2 Rb1 29. Rxf7 Qxf7 30. h3 Qd7 31. Re1 Rb3 32. Qc1 b5 33. Bc5 Rc3 34. Qf4 Rxc5 35. Ne3 Re5 36. g4 fxg4 37. hxg4 Qxd6 38. Kg2 Qf8 39. Qg3 Qf3+ 40. Qxf3 exf3+ 41. Kxf3 b4 42. Rb1 Rxe3+ 43. fxe3 b3 44. Kf4 b5 45. e4 Bc3 46. e5 b2 47. g5 hxg5+ 48. Kxg5 Ba2 49. Rh1+ Kg7 50. e6 Bxe6 51. Kf4 Ba2 52. Rg1+ Kf6 0-1

[Event "Titled Tuesday intern op 11th Jul Early"]
[Site "Chess.com INT"]
[Date "2023.07.11"]
[Round "5"]
[White "Haszon, David"]
[Black "Garrido, Denis"]
[Result "1-0"]
[WhiteElo "2250"]
[BlackElo "2205"]
[PlyCount "67"]
[EventDate "2023.07.11"]
[EventType "swiss (blitz)"]
[EventRounds "11"]
[EventCountry "USA"]
[SourceTitle "EXT 2024"]
[Source "ChessBase"]
[SourceDate "2023.10.10"]
[SourceVersion "1"]
[SourceVersionDate "2023.10.10"]
[SourceQuality "1"]

1. d4 d5 2. Bf4 c5 3. e3 cxd4 4. exd4 Nc6 5. c3 Bf5 6. Qb3 Qd7 7. Nf3 e6 8. Bb5 f6 9. 0-0 g5 10. Bg3 h5 11. h4 g4 12. Ne1 Bh6 13. Bd3 Nge7 14. Na3 a6 15. Qc2 Kf7 16. f3 Rhg8 17. f4 Bxd3 18. Qxd3 Nf5 19. Nec2 Nce7 20. Rae1 Nxg3 21. Qxg3 Nf5 22. Qd3 Nxh4 23. Qh7+ Bg7 24. Qxh5+ Ng6 25. f5 exf5 26. Rxf5 Rh8 27. Qxg4 Rad8 28. Ne3 Rh4 29. Qf3 Qd6 30. g3 Rh3 31. Qxd5+ Qxd5 32. Rxd5 Rxg3+ 33. Kf2 Rh3 34. Rxd8 1-0